| 000 | 00375nam a2200145Ia 4500 | ||
|---|---|---|---|
| 005 | 20251222151332.0 | ||
| 008 | 251222s9999||||xx |||||||||||||| ||spa|| | ||
| 020 | _a815140479 | ||
| 082 | _a617/G94 | ||
| 100 | _aGustilo, Ramon B. | ||
| 245 | 0 | _aManual de la Clasificación de las Fracturas | |
| 250 | _a1ra.ed. | ||
| 264 | _bEdika-Med SA edición española | ||
| 942 | _cLIB | ||
| 999 |
_c24156 _d24156 |
||